Sportifs les plus connus par pays #2 - Statistiques

Statistiques générales
  • Ce quiz a été pris 541 fois
  • Le résultat moyen est 3 sur 10
Statistiques - réponses
Pays Sportif le plus connu % Correct
Portugal Cristiano Ronaldo
100%
Jamaïque Usain Bolt
73%
Costa Rica Keylor Navas
35%
Allemagne Michael Schumacher
19%
Italie Andrea Pirlo
18%
Mexique Javier Hernández
13%
Kenya Chris Froome
1%
Nouvelle-Zélande Edmund Hillary
0%
Azerbaïjan Garry Kasparov
0%
Inde Viswanathan Anand
0%
Aucun quiz correspondant
Distribution des résultats
% des personnes avec chaque résultat
Percentile par nombre de réponses
Votre historique - résultats
Vous n’avez pas pris ce quiz